Programa metropolità de gestió de residus municipals, octubre de 1996
Descripción Física:
53 f., 1 f. pleg., 3 f. de gràfics ; 30 cm
MARC
| LEADER | 00000nam a2200000Ia 4500 | ||
|---|---|---|---|
| 001 | 11981 | ||
| 003 | BGR | ||
| 005 | 20260324175317.0 | ||
| 008 | 160829s9999 xx 000 0 cat d | ||
| 080 | |a C-1-140 | ||
| 245 | |a Programa metropolità de gestió de residus municipals, octubre de 1996 | ||
| 260 | |a Barcelona : |b Àrea Metropolitana de Barcelona. Entitat del Medi Ambient, [1996] | ||
| 300 | |a 53 f., 1 f. pleg., 3 f. de gràfics ; |c 30 cm | ||
| 650 | 0 | |a Reciclatge (Residus, etc.) |9 26176 | |
| 650 | |a Residus |x Eliminació |9 9511 | ||
| 710 | |9 6254 |a Entitat del Medi Ambient, Àrea Metropolitana de Barcelona | ||
| 901 | |a Arxiu | ||
| 942 | |n 1 |2 udc |c MON | ||
| 952 | |0 0 |1 0 |4 0 |6 C1140 |7 1 |9 43911 |a Arxiu |b Arxiu |d 2016-12-01 |l 0 |o C-1-140 |p 11981 |r 2016-12-01 00:00:00 |w 2016-12-01 |y ARXIU | ||
| 999 | |c 46491 |d 46491 | ||